| 000 | 00943nam a22002897a 4500 | ||
|---|---|---|---|
| 001 | 8392 | ||
| 003 | FISKH | ||
| 005 | 20250910141322.0 | ||
| 008 | 250910b cb ||||| |||| 00| 0 eng d | ||
| 020 | _a9780881104370 | ||
| 040 |
_aFISKH _beng _cFISKH _dFISKH |
||
| 050 | _aGC21.5 | ||
| 082 | _a551.46 | ||
| 100 | _aPick, Christopher | ||
| 245 |
_aUndersea / _cBy Christopher Pick |
||
| 260 |
_aLondon : _bUsborne , _c1990. |
||
| 300 |
_a32 pages : _bcolor illustrations ; _c28 cm . |
||
| 490 | _aThe usborne young scientist | ||
| 505 | _aS | ||
| 520 | _aAn introduction to the world beneath the ocean's surface discussing marine animals, underwater exploration, wrecks and treasures, fish farming, and many other related topics. | ||
| 521 | 8 |
_a790
_bLexile estimate |
|
| 521 | 8 |
_aR
_bRaz-Plus |
|
| 650 |
_aOceanography _vNon-fiction |
||
| 650 |
_aSea life _vNon-fiction |
||
| 942 |
_2ddc _cBK _n0 |
||
| 999 |
_c8392 _d8392 |
||